000 00328nam a2200133Ia 4500
008 190216s9999||||xx |||||||||||||| ||und||
100 _aJanardhanan Pillay .cp
245 0 _aAlgebra Trigonometry And Calculus
250 _a2nd Ed.
260 _bAjith Book Center
_c1988
300 _a381
650 _aMathematics
942 _cBK
999 _c30934
_d30934